Bezpečnostné požiadavky na krytie elektrotechnických zariadení : Záverečná práca

Gespeichert in:
Bibliographische Detailangaben
1. Verfasser: Vrábel, Štefan (Verfasst von)
Weitere Verfasser: Wittlinger, Viktor, 1937- (xxx)
Format: Manuskript Buch
Sprache:Slowakisch
Veröffentlicht: Trnava : STU v Bratislave MtF KEBI, 2002
Schlagworte:
Tags: Tag hinzufügen
Keine Tags, Fügen Sie das erste Tag hinzu!

MARC

LEADER 00000ntm a22000003a 4500
001 stu77461
005 20160719154954.9
008 021001s2002----xo------------------slo-d
040 |a STU  |b slo 
041 0 |a slo 
044 |a xo 
100 1 |a Vrábel, Štefan  |4 aut 
245 1 |a Bezpečnostné požiadavky na krytie elektrotechnických zariadení :  |b Záverečná práca 
260 |a Trnava :  |b STU v Bratislave MtF KEBI,  |c 2002 
300 |a 45 s  |c abstr. 
650 7 |a bezpečnostné požiadavky  |2 stusub 
650 7 |a elektrotechnické zariadenia  |2 stusub 
650 7 |a priemyselná ekológia  |2 stusub 
700 1 |a Wittlinger, Viktor,  |d 1937-  |4 xxx  |u M390  |U MTF Materiálovotechnologická fakulta  |T MTF Katedra environmentálneho a bezpečnostného inžinierstva  |X 3600  |U M390  |Y 177  |7 A000003600 
996 |b 284M054665  |c M*BP-65  |l MMSKP  |s P  |a 0  |w stu77461_0001